000 00803nam a2200241Ia 4500
003 OSt
005 20220923213547.0
006 a|||||r|||| 00| 0
007 ta
008 220922b |||||||| |||| 00| 0 hin d
024 _a162,862
037 _cTextual
040 _aARTS
_cARTS
_bhin
041 _2hin
_ahin
082 _aO152,2NKAx, G9
100 _aकंवरसैन
_9156280
245 0 _aब्रहााण्ड नाटक अर्थात् सौर परिवार की रोचक कहानी
246 _aBrahāāṇḍa nāṭak arthāt saur parivār kī rochak kahānī
260 _c1939
650 _aसंस्कृत साहित्य
942 _hO152,2NKAx, G9
_cTEXL
_2CC
999 _c317342
_d317342